000 00760nam a2200265Ia 4500
003 OSt
005 20220918222443.0
006 a|||||r|||| 00| 0
007 ta
008 220917b |||||||| |||| 00| 0 eng d
024 _a216,915
037 _cTextual
040 _aARTS
_cARTS
_beng
041 _2eng
_aeng
082 _aY:4:(U42), P3
100 _aBraziel Jana Evans Ed.
_9143172
245 0 _aTheorizing diaspora
_b a reader
260 _aMalden
_bBlackwell Publishing USA
_c2003
300 _aix, 345p
_ccm.
490 _aKeyworks is cultural studies
650 _aSOCIOLOGY
700 _a Mannur Anita Ed.
_9143173
942 _hY:4:(U42), P3
_cTEXL
_2CC
999 _c275545
_d275545